| 000 | 00577nam a2200205 i 4500 | ||
|---|---|---|---|
| 001 | 15034 | ||
| 003 | ES-MaACL | ||
| 005 | 20231222205016.0 | ||
| 007 | t| | ||
| 008 | 991202s1998 sp ||||1| spa d | ||
| 020 | _a84-8328-024-8 | ||
| 080 | _a821.134.2-31"19" | ||
| 100 | 1 |
_aMartín Gaite, Carmen, _d1925-2000 _977496 |
|
| 245 | 1 | 3 |
_aEl balneario / _cCarmen Martín Gaite. |
| 250 | _a1ª ed. en esta colección. | ||
| 260 |
_aBarcelona : _bDestino, _c1998. |
||
| 300 |
_a223 p. ; _c18 cm. |
||
| 852 |
_aES-MaACL _jL-22264 _bR.127500 |
||
| 999 |
_c15034 _d15034 |
||